[Event "Paleochora op 11th"]
[Site "Paleochora"]
[Date "2018.07.18"]
[Round "1"]
[White "Milliet, Sophie"]
[Black "Serpetsidaki, Eva"]
[Result "1-0"]
[WhiteElo "2397"]
[BlackElo "1591"]
[PlyCount "79"]
[EventDate "2018.07.18"]
[EventType "swiss"]
[EventRounds "9"]
[EventCountry "GRE"]
[SourceTitle "CBM 186 Extra"]
[Source "ChessBase"]
[SourceDate "2018.08.24"]
[SourceVersion "1"]
[SourceVersionDate "2018.08.24"]
[SourceQuality "1"]

1. e4 c5 2. Nc3 Nc6 3. Bb5 e6 4. Bxc6 bxc6 5. d3 Ne7 6. f4 g6 7. Nf3 Bg7 8. 0-0 d5 9. Qe1 Qb6 10. Kh1 Ba6 11. Rb1 0-0 12. Ne5 Rad8 13. b3 dxe4 14. Nxe4 Nf5 15. Ba3 Qc7 16. Bxc5 Rfe8 17. Ng4 Re7 18. Qb4 Bd4 19. Bxd4 Nxd4 20. Ngf6+ Kg7 21. Qc5 e5 22. Rf2 Ne6 23. Qxe5 Qxe5 24. fxe5 Nd4 25. Nc5 Bc8 26. Re1 Bf5 27. a4 h6 28. h3 h5 29. b4 Rb8 30. c3 Ne6 31. Nxe6+ Bxe6 32. a5 Bf5 33. d4 Be6 34. Ne4 Rd8 35. Nc5 Bc4 36. Rf6 Rc8 37. Kg1 Kh6 38. Kf2 Kg5 39. Ne4+ Kh6 40. Nd6 1-0

[Event "Heraklion op 19th"]
[Site "Heraklion"]
[Date "2017.01.06"]
[Round "6"]
[White "Serpetsidaki, Eva"]
[Black "Hristodoulaki, Antonia"]
[Result "0-1"]
[WhiteElo "1704"]
[BlackElo "2001"]
[PlyCount "36"]
[EventDate "2017.01.02"]
[EventType "swiss"]
[EventRounds "9"]
[EventCountry "GRE"]
[SourceTitle "CBM 176 Extra"]
[Source "ChessBase"]
[SourceDate "2017.03.02"]
[SourceVersion "1"]
[SourceVersionDate "2017.03.02"]
[SourceQuality "1"]

1. e4 c5 2. Nf3 Nc6 3. Bb5 g6 4. c3 Nf6 5. Qe2 Qb6 6. 0-0 Nxe4 7. Re1 Nd6 8. Ba4 e6 9. d3 Bg7 10. Bf4 Ne7 11. Be5 0-0 12. Bxg7 Kxg7 13. Ne5 Qc7 14. Nd2 b5 15. Bc2 Bb7 16. Ndf3 Ndf5 17. Ng5 h6 18. Ne4 Qxe5 0-1

[Event "Heraklion op 19th"]
[Site "Heraklion"]
[Date "2017.01.02"]
[Round "1"]
[White "Antic, Dejan"]
[Black "Serpetsidaki, Eva"]
[Result "1-0"]
[WhiteElo "2459"]
[BlackElo "1704"]
[PlyCount "121"]
[EventDate "2017.01.02"]
[EventType "swiss"]
[EventRounds "9"]
[EventCountry "GRE"]
[SourceTitle "CBM 176 Extra"]
[Source "ChessBase"]
[SourceDate "2017.03.02"]
[SourceVersion "1"]
[SourceVersionDate "2017.03.02"]
[SourceQuality "1"]

1. e4 c5 2. Nf3 g6 3. d4 cxd4 4. Qxd4 Nf6 5. e5 Nc6 6. Qa4 Nd5 7. Qe4 Nb6 8. Bb5 Bg7 9. Nc3 d5 10. exd6 Qxd6 11. Bf4 Bf5 12. Qe3 Qb4 13. Be5 0-0 14. Bxg7 Kxg7 15. Bxc6 bxc6 16. Qd4+ Qxd4 17. Nxd4 Bd7 18. 0-0-0 c5 19. Nb3 Rac8 20. Rhe1 Be6 21. Re5 Bxb3 22. axb3 Kf6 23. f4 c4 24. b4 e6 25. Ra5 Rfd8 26. Rxd8 Rxd8 27. Rxa7 Nd5 28. Nxd5+ exd5 29. Kd2 Re8 30. Rb7 Re4 31. g3 Rd4+ 32. Kc3 Rd1 33. b5 Ra1 34. Rb6+ Ke7 35. Ra6 Rh1 36. b6 Kd7 37. Ra7+ Kc6 38. Rxf7 Kxb6 39. Rxh7 Kc5 40. b4+ cxb3 41. Kxb3 d4 42. Kb2 Kd5 43. Rh6 Ke4 44. Rxg6 Rxh2 45. Kb3 Rg2 46. Rg5 Rf2 47. f5 Rf3+ 48. Kb2 d3 49. cxd3+ Rxd3 50. g4 Ke5 51. Rg6 Rf3 52. Kc2 Rf2+ 53. Kd3 Rf3+ 54. Ke2 Rf4 55. Ke3 Re4+ 56. Kf3 Rf4+ 57. Kg3 Rf1 58. Re6+ Kd5 59. Kh4 Rh1+ 60. Kg5 Rg1 61. Re2 1-0

[Event "Anogia op 5th"]
[Site "Anogia"]
[Date "2016.07.13"]
[Round "3"]
[White "Serpetsidaki, Eva"]
[Black "Spyropoulos, Nikolaos"]
[Result "0-1"]
[WhiteElo "1745"]
[BlackElo "2106"]
[PlyCount "54"]
[EventDate "2016.07.12"]
[EventType "swiss"]
[EventRounds "9"]
[EventCountry "GRE"]
[SourceTitle "CBM 173 Extra"]
[Source "ChessBase"]
[SourceDate "2016.08.29"]
[SourceVersion "1"]
[SourceVersionDate "2016.08.29"]
[SourceQuality "1"]

1. e4 e6 2. d4 d5 3. exd5 exd5 4. Bd3 Bd6 5. Nc3 c6 6. Nge2 Nf6 7. Bg5 h6 8. Bh4 Nbd7 9. Qd2 Qe7 10. 0-0-0 g5 11. Bg3 Nb6 12. Rde1 Be6 13. h4 Rg8 14. f4 gxf4 15. Bxf4 0-0-0 16. Bxh6 Rxg2 17. Bg5 Rg8 18. Rhf1 Nbd7 19. Qe3 R8xg5 20. hxg5 Ng4 21. Qf3 Qxg5+ 22. Nf4 Nh2 23. Qxg2 Bxf4+ 24. Rxf4 Qxg2 25. Ne2 Ng4 26. Rg1 Qh3 27. Rg3 Qh6 0-1

[Event "GRE-chT 44th"]
[Site "Achaia"]
[Date "2016.07.06"]
[Round "2.4"]
[White "Prokopiou, Ekaterini"]
[Black "Serpetsidaki, Eva"]
[Result "0-1"]
[WhiteElo "1676"]
[BlackElo "1745"]
[PlyCount "88"]
[EventDate "2016.07.05"]
[EventType "team-swiss"]
[EventRounds "7"]
[EventCountry "GRE"]
[SourceTitle "CBM 173 Extra"]
[Source "ChessBase"]
[SourceDate "2016.08.29"]
[SourceVersion "1"]
[SourceVersionDate "2016.08.29"]
[SourceQuality "1"]
[WhiteTeam "Thessaloniki HS"]
[BlackTeam "OFI"]
[WhiteTeamCountry "GRE"]
[BlackTeamCountry "GRE"]

1. d4 d5 2. c4 e6 3. Nf3 Nf6 4. g3 Be7 5. Bg2 0-0 6. 0-0 dxc4 7. Ne5 c5 8. dxc5 Qc7 9. Nxc4 Qxc5 10. Qb3 Nc6 11. Be3 Qh5 12. Nc3 Ng4 13. h3 Nxe3 14. Nxe3 e5 15. Kh2 Nd4 16. Qc4 Bg5 17. Ned5 Bg4 18. f3 Be6 19. f4 exf4 20. gxf4 Nc2 21. Qe4 Nxa1 22. fxg5 Bxd5 23. Qxd5 Nc2 24. Bf3 Qh4 25. Qd3 Qf4+ 26. Kh1 Ne3 27. Rg1 Rad8 28. Qe4 Qxe4 29. Nxe4 b6 30. Kh2 Rc8 31. Kg3 Rfd8 32. Kf2 Nd1+ 33. Kg3 Nxb2 34. Rb1 Nc4 35. Rc1 Ne5 36. Rb1 Rc2 37. a3 Ra2 38. Rb3 Nc4 39. Rc3 Nxa3 40. Rc7 Nb5 41. Rb7 Kf8 42. Bh5 g6 43. Bg4 Nd6 44. Nxd6 Rxd6 0-1

[Event "Heraklion Gazi op 11th"]
[Site "Heraklion"]
[Date "2015.07.28"]
[Round "5"]
[White "Iasman, Inna"]
[Black "Serpetsidaki, Eva"]
[Result "1/2-1/2"]
[WhiteElo "1904"]
[BlackElo "1695"]
[PlyCount "108"]
[EventDate "2015.07.25"]
[EventType "swiss"]
[EventRounds "9"]
[EventCountry "GRE"]
[SourceTitle "CBM 167 Extra"]
[Source "ChessBase"]
[SourceDate "2015.09.14"]
[SourceVersion "1"]
[SourceVersionDate "2015.09.14"]
[SourceQuality "1"]

1. d4 Nf6 2. c4 e6 3. Nf3 d5 4. Nc3 Bb4 5. Bg5 c5 6. Bxf6 Qxf6 7. e3 Nc6 8. cxd5 exd5 9. a3 Ba5 10. Bb5 a6 11. Bxc6+ bxc6 12. 0-0 Bg4 13. Nxd5 cxd5 14. Qa4+ Kf8 15. Qxa5 Bxf3 16. Qxc5+ Kg8 17. gxf3 Qxf3 18. Rfc1 h5 19. Qc6 Kh7 20. Rc5 Rhd8 21. Qc7 h4 22. Qf4 Qxf4 23. exf4 Rac8 24. Rac1 Rxc5 25. dxc5 Kg6 26. Kg2 Kf5 27. Kf3 Ke6 28. Rd1 d4 29. Ke4 f5+ 30. Kd3 Kd5 31. b4 Re8 32. Rg1 Re4 33. Rxg7 Rxf4 34. Rd7+ Kc6 35. Rd6+ Kb7 36. Rxd4 Rxf2 37. Rxh4 Rf3+ 38. Kd4 Rxa3 39. Ke5 Ra4 40. Kxf5 a5 41. Rh7+ Kc6 42. Rh6+ Kc7 43. b5 Rc4 44. b6+ Kb7 45. Rh7+ Kb8 46. Ra7 Rxc5+ 47. Kg4 Rc4+ 48. Kf3 Rc3+ 49. Ke4 Rh3 50. Rxa5 Rxh2 51. Kd4 Rh4+ 52. Kc5 Rh5+ 53. Kb4 Rxa5 54. Kxa5 Kb7 1/2-1/2

[Event "EU-ch U18 Girls 24th"]
[Site "Batumi"]
[Date "2014.10.22"]
[Round "4"]
[White "Serpetsidaki, Eva"]
[Black "Soyunlu, Narmin Asat Qizi"]
[Result "0-1"]
[WhiteElo "1650"]
[BlackElo "1893"]
[PlyCount "56"]
[EventDate "2014.10.19"]
[EventType "swiss"]
[EventRounds "9"]
[EventCountry "GEO"]
[SourceTitle "EXT 2015"]
[Source "ChessBase"]
[SourceDate "2014.11.20"]
[SourceVersion "1"]
[SourceVersionDate "2014.11.20"]
[SourceQuality "1"]

1. e4 e6 2. d4 d5 3. Nc3 Nf6 4. e5 Nfd7 5. f4 c5 6. Nf3 Nc6 7. Be3 Be7 8. Qd2 0-0 9. 0-0-0 c4 10. f5 b5 11. fxe6 fxe6 12. Nxb5 Rb8 13. Nd6 Bxd6 14. exd6 Nf6 15. Bg5 Qb6 16. c3 Ne4 17. Qc2 Bd7 18. Re1 Na5 19. Rxe4 dxe4 20. Ne5 Ba4 21. Qxa4 Qxb2+ 22. Kd1 Qxc3 23. Bd2 Rb1+ 24. Ke2 Qxd4 25. Bf4 Rb2+ 26. Ke1 Qf2+ 27. Kd1 Qxf4 28. Qxa5 Rb1+ 0-1

[Event "Heraklion Gazi op 10th"]
[Site "Heraklion"]
[Date "2014.08.02"]
[Round "5"]
[White "Papadakis, Michalis"]
[Black "Serpetsidaki, Eva"]
[Result "1/2-1/2"]
[WhiteElo "2209"]
[BlackElo "1537"]
[PlyCount "97"]
[EventDate "2014.07.30"]
[EventType "swiss"]
[EventRounds "9"]
[EventCountry "GRE"]
[SourceTitle "EXT 2016"]
[Source "ChessBase"]
[SourceDate "2015.10.08"]
[SourceVersion "1"]
[SourceVersionDate "2015.10.08"]
[SourceQuality "1"]

1. Nf3 Nf6 2. c4 e6 3. Nc3 b6 4. e4 Bb7 5. e5 Ne4 6. Nxe4 Bxe4 7. Be2 c5 8. d3 Bb7 9. b3 Be7 10. Bb2 Nc6 11. a3 a5 12. 0-0 0-0 13. Re1 f6 14. Bf1 Qc7 15. Re3 fxe5 16. Nxe5 Bf6 17. Qe2 Nd4 18. Qh5 g6 19. Nxg6 hxg6 20. Qxg6+ Bg7 21. Rg3 Rf7 22. Bxd4 cxd4 23. Be2 Qf4 24. Bf3 Rb8 25. Re1 Bxf3 26. Rxf3 Rf6 27. Qh5 Qd2 28. Rf1 Rbf8 29. Rxf6 Rxf6 30. Qe8+ Kh7 31. Qxd7 Qxd3 32. Qb5 Qc2 33. Qxb6 d3 34. Qxa5 d2 35. Qh5+ Bh6 36. Qd1 Qc1 37. g3 Be3 38. Qh5+ Kg7 39. Qg4+ Kf8 40. Kg2 Rxf2+ 41. Rxf2+ Bxf2 42. Qf4+ Ke8 43. Qb8+ Ke7 44. Qb7+ Kd6 45. Qb8+ Kc6 46. Qc8+ Kd6 47. Qb8+ Kc6 48. Qc8+ Kd6 49. Qb8+ 1/2-1/2

[Event "GRE-ch U16"]
[Site "Greece"]
[Date "2014.07.07"]
[Round "5"]
[White "Serpetsidaki, Eva"]
[Black "Spiliopoulos, Aristovoulos"]
[Result "0-1"]
[WhiteElo "1537"]
[BlackElo "1401"]
[PlyCount "106"]
[EventDate "2014.07.04"]
[EventType "swiss"]
[EventRounds "9"]
[EventCountry "GRE"]
[SourceTitle "EXT 2017"]
[Source "ChessBase"]
[SourceDate "2016.10.25"]
[SourceVersion "1"]
[SourceVersionDate "2016.10.25"]
[SourceQuality "1"]

1. e4 e6 2. d4 d5 3. exd5 exd5 4. Nc3 Nf6 5. Bg5 Be7 6. Qd2 0-0 7. 0-0-0 c6 8. Re1 Bf5 9. f3 b5 10. g4 Bc8 11. Bd3 Re8 12. h4 b4 13. Nb1 a5 14. Ne2 Nbd7 15. Ng3 Nb6 16. Nf5 Bxf5 17. gxf5 Nc4 18. Qg2 Qb6 19. Bxc4 Qxd4 20. Bd3 Bd6 21. Nd2 Be5 22. Rxe5 Qxe5 23. Rd1 a4 24. f4 Qd6 25. Bh6 Nh5 26. Bg5 Nxf4 27. Qf3 Nxd3+ 28. Qxd3 a3 29. Nc4 Qc7 30. Ne3 axb2+ 31. Kxb2 Qe5+ 32. Qd4 f6 33. Bf4 Qe4 34. Rd3 Ra3 35. Qxe4 Rxe4 36. Ng2 Rxd3 37. cxd3 Re2+ 38. Kb3 Rxg2 39. Bd6 Rg4 40. Bxb4 Rxh4 41. a4 Rh1 42. Bc3 Rb1+ 43. Bb2 Re1 44. a5 Re8 45. Bd4 Kf7 46. a6 g5 47. fxg6+ hxg6 48. Kb4 g5 49. Kc5 g4 50. Kb6 Ke6 51. Kxc6 f5 52. a7 f4 53. Kb7 g3 0-1